| 000 | 00594nam a2200181 a 4500 | ||
|---|---|---|---|
| 005 | 20210223123032.0 | ||
| 008 | 991125s1943 mx 000 0 spa u | ||
| 035 | _aUPN01000046283 | ||
| 049 | _aCG | ||
| 050 | 4 |
_aDP65 _bL4.68 |
|
| 100 | 1 | _aLegrelle, A. | |
| 245 | 1 | 0 |
_aPrimer tratado de partición de la monarquía española hecho en 1668 / _cA. Legrelle ; tr. Benito Menacho Ulibarri. |
| 260 |
_aMéxico : _b[s.n.], _c1943. |
||
| 300 | _a84 p. | ||
| 630 | 0 | 4 | _aPARTICION, TRATADO DE, ENERO 19, 1668 (ESPAÑA) |
| 651 | 4 |
_aESPAÑA - _xRELACIONES EXTERIORES - _vTRATADOS _922763 |
|
| 905 | _aLibro | ||
| 999 |
_c46283 _d46283 |
||